Early Decorative Textiles /

Texto que reproduce hermosos textiles de las grandes civilizaciones de la antigüedad e incluye un análisis histórico-crítico de los estilos y evolución de este arte.

I tiakina i:
Ngā taipitopito rārangi puna kōrero
Kaituhi matua: Volbach, W. Fritz (autor)
Hōputu: Pukapuka
Reo:Ingarihi
I whakaputaina: Londres, Inglaterra : Paul Hamlyn, 1969, c1969
Rangatū:(Cameo)
Ngā marau:
Ngā Tūtohu: Tāpirihia he Tūtohu
Kāore He Tūtohu, Me noho koe te mea tuatahi ki te tūtohu i tēnei pūkete!

MARC

LEADER 00000nam^a2200000^a^4500
001 000268395
005 20250521000000.0
008 071018 19691969
009 20260310110851.554
037 |a Acervo Xavier Clavigero 
041 |a ING 
082 |a 746. 7930  |b VOL 
100 |a Volbach, W. Fritz  |e (autor) 
240 1 4 |a [El textil en el arte antiguo] 
245 1 0 |a Early Decorative Textiles /  |c W.F. Volbach ; tr. por Yuri Gabriel. 
264 4 |a Londres, Inglaterra :  |b Paul Hamlyn,  |c 1969, c1969 
300 |a 157 p. 
336 |a texto  |b txt  |2 rdacontenido 
337 |a sin mediación  |b n  |2 rdamedio 
338 |a volumen  |b nc  |2 rdasoporte 
440 1 |a (Cameo) 
520 |a Texto que reproduce hermosos textiles de las grandes civilizaciones de la antigüedad e incluye un análisis histórico-crítico de los estilos y evolución de este arte. 
649 |a XX 
650 |a Alfombras y Tapices -  |x Historia -  |x Tema Principal 
650 |a Diseño Textil -  |x Historia y Crítica 
650 |a Objetos Decorativos -  |x Historia 
650 |a Decoración y Ornamentación -  |x Historia y Crítica 
650 |a Arte -  |x Historia y Crítica 
650 |a Historia Antigua 
910 |a Fondo General 
920 |a Impresos - Libros 
930 |a Reserva Especial 
905 |a 103 
901 |a 066006  |b IT1  |c REE  |u 20250521 
902 |a https://opac.biblio.iteso.mx/vufind/Record/000268395